000 01429cam a22001934a 4500
005 20250605164335.0
008 250528s ||||||||||||||||||||||||d
035 _a23412
040 _aGR-AtMCL
_bgre
_dGR-AtMCL
_eAACR2
245 1 _aAssessment and Strengthening of Bearing Capacity of an Existing Public Steucture of South Aegean Prefecture in Rhodes Island/Post Graduate Thesis
260 _c2018
300 _a114
520 _aAcknowledgements, Table of Contents, Assessment and Strengthening in Construction, The Concept of Intervension in an Existing Structure, Main (or Primary) and Secondary Elements, Assessment of the Carrying Capacity of an Existing Structure, Elastic (Equivalent) Static Analysis, NonLinear Inelastic Static Analysis ''Pushover'', Assessment of Structure and Members' Behavior Indicators, Aid Intervention, Description of the Existing Construction, General Data, Quality of Carrier Materials, Assessment of Existing Structure, Description of the Calculative Simulations of the Under Design Structure, Loadings, Simulation Assumptions, General Data for the Assement of the Existing Building, Eigenvalue Analysis of the Structure, Static Inelastic Analysis of the Construction, Redesign and Strengthening of the Existing Structure, Conclusions, References.
700 1 _aChristodoulopoulos Ioannis
_98980
700 1 _aKardala Maria
_98981
942 _cDS
999 _c8432
_d8432